000 00310nam a22001457a 4500
008 210429b ||||| |||| 00| 0 eng d
020 _a9781587785047
041 _aeng
080 _a94
082 _a94
100 _a16
101 _aSHH
245 _aProperty Stories
_cGerald Korngold
942 _2udc
_cBK
999 _c56963
_d56963